| 000 | 00678cam a2200229 4500500 | ||
|---|---|---|---|
| 005 | 20260329004404.0 | ||
| 041 | _afre | ||
| 042 | _adc | ||
| 100 | 1 | 0 |
_aEltchaninoff, Michel _eauthor |
| 245 | 0 | 0 | _aThomas Piketty. Aux origines de l’inégalité |
| 260 | _c2019. | ||
| 500 | _a22 | ||
| 690 | _aCapitalisme | ||
| 690 | _aÉconomie | ||
| 690 | _aHistoire | ||
| 690 | _aInégalités | ||
| 690 | _aMichel Eltchaninoff | ||
| 690 | _aRevenu | ||
| 690 | _aThomas Piketty | ||
| 786 | 0 | _nPhilosophie magazine | 133 | 10 | 2019-10-01 | p. 2-4 | 1951-1787 | |
| 856 | 4 | 1 | _uhttps://shs.cairn.info/magazine-philosophie-magazine-2019-10-page-2?lang=fr&redirect-ssocas=7080 |
| 999 |
_c1833408 _d1833408 |
||